| 000 | 00790nam a2200193 4500 | ||
|---|---|---|---|
| 999 |
_c17407 _d17407 |
||
| 008 | 221008b ||||| |||| 00| 0 eng d | ||
| 020 | _a9786214161195 | ||
| 082 |
_22022 _aDFil 657.45 _bC112 |
||
| 100 |
_aCabrera, Ma. Elenita Balatbat. _946324 |
||
| 245 |
_aAuditing and assurance : _bconcepts and applications / _cMa. Elenita Balatbat Cabrera, Gilbert Anthony B. Cabrera and Bernadette Ann B. Cabrera. |
||
| 250 | _a2022 edition. | ||
| 260 |
_aManila, Philippines : _bGIC Enterprises & Co, _c©2022. |
||
| 300 |
_axx, 800 pages ; _billustrations ; _c23 cm. |
||
| 500 | _aIncludes bibliographical references. | ||
| 650 |
_aAuditing. _946325 |
||
| 700 |
_aCabrera, Gilbert Anthony B., _eauthor. _930929 |
||
| 700 |
_aCabrera, Bernadette Ann B., _eauthor. _946326 |
||
| 942 |
_2ddc _cDFIL |
||